El caso Benson / (Registro nro. 653)
[ vista simple ]
| 000 -LEADER | |
|---|---|
| fixed length control field | 01628aam a2200337 a 4500 |
| 001 - CONTROL NUMBER | |
| control field | 001365293 |
| 003 - CONTROL NUMBER IDENTIFIER | |
| control field | AR-RoUNCS |
| 005 - DATE AND TIME OF LATEST TRANSACTION | |
| control field | 20251028121558.0 |
| 007 - PHYSICAL DESCRIPTION FIXED FIELD--GENERAL INFORMATION | |
| fixed length control field | ta |
| 008 - FIXED-LENGTH DATA ELEMENTS--GENERAL INFORMATION | |
| fixed length control field | 160810s2015 ag dr 001 f spa d |
| 020 ## - INTERNATIONAL STANDARD BOOK NUMBER | |
| International Standard Book Number | 978-987-1565-65-8 |
| 040 ## - CATALOGING SOURCE | |
| Original cataloging agency | AR-BaBN |
| Language of cataloging | spa |
| Transcribing agency | AR-RoUNCS |
| Description conventions | aacr |
| 041 1# - LANGUAGE CODE | |
| Language code of text/sound track or separate title | spa |
| Language code of original | eng |
| 080 0# - UNIVERSAL DECIMAL CLASSIFICATION NUMBER | |
| Universal Decimal Classification number | 82-31(73) |
| 100 1# - MAIN ENTRY--PERSONAL NAME | |
| Personal name | Van Dine, S. S. |
| Dates associated with a name | (1888-1939), |
| Relator term | autor |
| 245 10 - TITLE STATEMENT | |
| Title | El caso Benson / |
| Statement of responsibility, etc. | S. S. Van Dine ; [traducción, Elsa Pizzi]. |
| 250 ## - EDITION STATEMENT | |
| Edition statement | 1a ed. |
| 260 ## - PUBLICATION, DISTRIBUTION, ETC. | |
| Place of publication, distribution, etc. | Buenos Aires : |
| Name of publisher, distributor, etc. | Letra Impresa, |
| Date of publication, distribution, etc. | 2015. |
| 300 ## - PHYSICAL DESCRIPTION | |
| Extent | 150 p. ; |
| Dimensions | 20 cm. |
| 490 0# - SERIES STATEMENT | |
| Series statement | Colección Generación Z / dirección de Patricia Roggio ; |
| Volume/sequential designation | 12 |
| 500 ## - GENERAL NOTE | |
| General note | Incluye propuestas de comprensión y análisis de la novela y el género. |
| 504 ## - BIBLIOGRAPHY, ETC. NOTE | |
| Bibliography, etc. note | Incluye notas bibliográficas a pie de página. |
| 520 1# - SUMMARY, ETC. | |
| Summary, etc. | “Una mañana de verano, la ciudad de Nueva York amanece conmocionada por un crimen. En su casa, el financista Alvin Benson aparece muerto de un disparo en la frente. ¿Quién tendría interés en asesinarlo? No se le conocen enemigos ni hay huellas que faciliten las pesquisas. Pero pronto aumentan las pistas y la lista de sospechosos crece. Sin embargo, la investigación no avanza. Hasta que entra en escena Philo Vance, un excéntrico millonario, cuya intervención será clave para descubrir la verdad.” (Contratapa) |
| 521 1# - TARGET AUDIENCE NOTE | |
| Target audience note | Lectura sugerida a partir de los 13 años. |
| 650 #4 - SUBJECT ADDED ENTRY--TOPICAL TERM | |
| Topical term or geographic name entry element | LITERATURA |
| Chronological subdivision | SIGLO XX |
| 651 #4 - SUBJECT ADDED ENTRY--GEOGRAPHIC NAME | |
| Geographic name | ESTADOS UNIDOS |
| 655 #4 - INDEX TERM--GENRE/FORM | |
| Genre/form data or focus term | NOVELA POLICÍACA |
| 700 1# - ADDED ENTRY--PERSONAL NAME | |
| Personal name | Pizzi, Elsa, |
| Dates associated with a name | 1956- |
| Relator term | Traductor |
| 751 ## - ADDED ENTRY-GEOGRAPHIC NAME | |
| Geographic name | Buenos Aires |
| Relator term | lugar de publicación |
| Relationship | pup |
| 942 ## - ADDED ENTRY ELEMENTS (KOHA) | |
| Source of classification or shelving scheme | Universal Decimal Classification |
| Koha item type | Obra General |
| Withdrawn status | Lost status | Source of classification or shelving scheme | Damaged status | Not for loan | Collection | Home library | Current library | Date acquired | Total checkouts | Full call number | Barcode | Date last seen | Price effective from | Koha item type |
|---|---|---|---|---|---|---|---|---|---|---|---|---|---|---|
| Universal Decimal Classification | Colección General | Biblioteca Escuela de Ciencias Sociales | Biblioteca Escuela de Ciencias Sociales | 28/10/2025 | 82-31(73) V245 | 000141 | 28/10/2025 | 28/10/2025 | Obra General |